Celebrities Venn Diagram II Quiz Stats

 Plays Quiz Updated Jun 26, 2018

Score 0/8 Timer 02:00
3 Plays Today
% Correct
Selena Gomez
86.1%
Adele
74.9%
Ed Sheeran
71.6%
Taylor Swift
71.2%
Liam Hemsworth
71.1%
John Boyega
70.5%
Matt Smith
68.4%
Adam Driver
49.2%

You're not logged in!

Compare scores with friends on all Sporcle quizzes.
OR
Log In

You Might Also Like...

Show Comments

Extras

Top Quizzes Today


Score Distribution

Your Account Isn't Verified!

In order to create a playlist on Sporcle, you need to verify the email address you used during registration. Go to your Sporcle Settings to finish the process.

Report this User

Report this user for behavior that violates our Community Guidelines.

Details: